| 000 | 01185nam a22002657a 4500 | ||
|---|---|---|---|
| 001 | 3065 | ||
| 003 | FISKH | ||
| 005 | 20251028092923.0 | ||
| 008 | 240202b cb ||||| |||| 00| 0 eng d | ||
| 020 | _a9781783121182 | ||
| 040 |
_aFISKH _beng _cFISKH _dFISKH |
||
| 050 | _a567.9 | ||
| 100 | _aNaish, Darren | ||
| 245 |
_aJurassic record breakers : _bHeaviest most fastest dinosaur! feared ! dino tail / _cNaish, Darren |
||
| 250 | _aPublished in 2015 | ||
| 260 |
_aLondon : _bCarlton Book , _c2015 |
||
| 300 |
_a48 pages : _bcolor illustrations ; _c30 cm . |
||
| 505 | _aZ | ||
| 520 | _aWhat dinosaur was the fastest? The tallest? The first ever recognized by science? From Archaeopteryx and Diplodocus to Megalosaurus, meet the Jurassic record breakers! This illustration-packed book features the more fascinating creatures of that era, and it's filled with bite-size information that dinosaur fans will love. Find out when and where each dinosaur lived; its size, its speed, and its danger level. | ||
| 521 | 8 |
_a1070
_bLexile |
|
| 521 | 8 |
_aZ
_bRaz-Plus |
|
| 600 |
_2dinosaurs _vnon-fiction |
||
| 700 |
_aKoken, Alexandar _eSenior editor |
||
| 942 |
_2ddc _cBK _n0 |
||
| 999 |
_c3065 _d3065 |
||